000 01030nam0a22002891 4500
001 rc\1013310
005 20250622075743.0
035 _a(NLR Aleph) 006178639
090 _a6041632
_c6041632
100 _a20041129d1981 |||y0rusy50 ca
101 0 _arus
_aest
102 _aRU
105 _ay |||||||||
200 1 _aКоррекционная работа в специальных школах
_e[Сб. статей
_fОтв. ред. И. Унт]
210 _aТарту
_cТГУ
_d1981
215 _a116 с.
_d22
225 1 _aУченые записки Тартуского государственного университета
_vВып. 559
_iТруды по дефектологии
_v3
300 _aТекст на рус. и эст. яз.
300 _aРез. на рус. яз.
320 _aБиблиогр. в конце статей
702 1 _aУнт
_bИ.
_gИнге
_4340
801 0 _aRU
_bNLR
_gpsbo
801 1 _aRU
_bELAR
_2rusmarc
852 _aNLR
_bОНЛ
942 _cBOOK
980 _aNB